The Voice of the City (Registro nro. 312035)

Detalles MARC
000 -ENCABEZADO
Número de control [NR] 01753nam a2200265 4500
005 - FECHA Y HORA DE LA ÚLTIMA TRANSACCIÓN
control field 20190426153324.0
008 - DE LONGITUD FIJA DE DATOS DE ELEMENTOS - INFORMACIÓN GENERAL
Elementos de longitud fija [NR] 190426n enk |||fr|||| 001 0 eng d
040 ## - FUENTE DE CATALOGACION [NR]
Agencia de catalogación original [NR] CO-BoUCM
Idioma de catalogación [NR] spa
Quien Cataloga Sandra Yazo
Quien Clasifica Sandra Yazo
041 0# - CODIGO DE IDIOMA [R]
Código de idioma para texto/pista de sonido o título separado [R] Inglés
082 04 - NUMERO DE CLASIFICACION DECIMAL DEWEY [R]
Número de la edición [NR] 20
Número de clasificación [R] 813.5
092 ## - SIGNATURA TOPOGRAFICA LOCAL
Número de clasificación local E48N045
100 1# - ASIENTO PRINCIPAL--NOMBRE PERSONAL [NR]
Nombre personal [NR] Henry, O.
Títulos u otras palabras asociadas al nombre [R] seudónimo de William Sidney Porter
Fechas asociadas con el nombre [NR] 1862-1910
ID Autoridad 96087
242 03 - TRADUCCION DEL TITULO POR LA AGENCIA CATALOGADORA [R]
Título [NR] La voz de la ciudad
Parte restante del título [NR] Historias ampliadas de Los cuatro millones
Mención de responsabilidad, etc. [NR] por O. Henry
245 14 - MENCION DE TITULO [NR]
Título [NR] The Voice of the City
Parte restante del título [NR] Further Stories of The Four Millon
Mención de responsabilidad, etc. [NR] by O. Henry
260 ## - PUBLICACION, DISTRIBUCION, ETC. (PIE DE IMPRENTA) [R]
Lugar de publicación, distribución, etc. [R] London [Londres] (Inglaterra)
Nombre del editor, distribuidor, etc. [R] Hodder and Stoughton, Limited ; Printed by Butler & Tanner Ltd. [Hodder y Stoughton Ltda ; Impreso por Butler y Tanner Ltda.]
Fecha de publicación, distribución, etc. [R] [fecha desconocida]
300 ## - DESCRIPCION FISICA [R]
Extensión [R] 286 páginas
Dimensiones [R] 18 x 12 cm.
500 ## - NOTA GENERAL [R]
Nota general [NR] Detalles físicos: Encuadernación rígida en cartón forrado en tela texturizada. Lomo impreso en tinta negra. Cajos. Guardas. Anteportada. Portada impresa en una sola tinta. Dedicatoria. Texto impreso en una sola columna con diferentes tipos y tamaños de letra. Índice. En portada sello de tinta (Librería Renacimiento. Calle 12 n° 6-64)
505 0# - NOTA DE CONTENIDO CON FORMATO PREESTABLECIDO [R]
Nota de contenido con formato preestablecido [NR] La voz de la ciudad ; La vida completa de John Hopkins ; La revelación de Dougherty ; El heraldo ; Mientras el auto espera ; Mil dólares ; La caída de la ciudad ; Las embestidas del destino ; La ciudad de la noche pavorosa ; Pascua del alma ; El asesino loco ; La llamada de la trompeta ; Un filisteo en Bohemia ; El Memento
506 ## - NOTA DE RESTRICCIONES DE ACCESO [R]
Condiciones de acceso [NR] Consulta en sala
546 ## - NOTA DE IDIOMA [R]
Nota de idioma [NR] Texto en inglés
650 #7 - ASIENTO SECUNDARIO DE MATERIA - TERMINO TEMATICO [R]
9 (RLIN) 18653
Término temático o nombre geográfico como elemento de entrada [NR] Literatura estadounidense
Subdivisión cronológica [R] Siglo XIX - XX
650 #7 - ASIENTO SECUNDARIO DE MATERIA - TERMINO TEMATICO [R]
9 (RLIN) 23491
Término temático o nombre geográfico como elemento de entrada [NR] Relatos estadounidenses
690 ## - ASUNTO AGREGADO LOCAL DE ENTRADA - TÉRMINO TEMÁTICO (OCLC, RLIN)
Acceso temático local Literatura estadounidense
9 (RLIN) 18653
942 ## - ELEMENTOS DE ENTRADA AGREGADOS (KOHA)
Sistema de clasificación LOCAL
Tipo de ítem principal el descrito en 300a Libro
Edición 1
Clasificación E48N045
Existencias
Suprimido Perdido Sistema de clasificación Dañado No prestable Tipo de ítem específico Ubicación habitual Ubicación actual Localización Fecha de creación Forma de adquisición Costo Total préstamos Signatura topográfica Código de barras Última vez visto Ejemplar Price effective from Tipo de ítem
    LOCAL     Libro archivo Archivo Histórico Archivo Histórico Archivo histórico 26/04/2019 Donación 0.00   E48N045 L009903 26/04/2019 Ej.1 26/04/2019 Libro